| 000 | 01708nam2a22002531 4500 | ||
|---|---|---|---|
| 001 | RU\NLR\INFOCOMM31\5000104312 | ||
| 005 | 20250617035913.0 | ||
| 035 | _a(NLR Aleph) 002430394 | ||
| 090 |
_a1988276 _c1988276 |
||
| 100 | _a20050208d1988 |||y0rusy50 ca | ||
| 101 | 0 | _arus | |
| 102 | _aRU | ||
| 105 | _ay ||||000|y | ||
| 200 | 1 |
_aСовершенствование управления технологической трудоемкостью продукции _fЮ.Н. Рассадин и др. |
|
| 210 |
_d1988 _aБ. м. |
||
| 461 | 0 |
_1001RU\NLR\INFOCOMM31\5000104232 _12001#$aЭкономика машиностроения для легкой и пищевой промышленности и бытовых приборов$eОбзор. информ.$fСССР. М-во машиностроения для легкой и пищевой пром-сти и бытовых приборов. ЦНИИ информации и техн.-экон. исследований (ЦНИИТЭИлегпищемаш)$v1988, Вып.2 _91988028 _cМ. _d1982- _fСССР. М-во машиностроения для легкой и пищевой пром-сти и бытовых приборов. ЦНИИ информации и техн.-экон. исследований (ЦНИИТЭИлегпищемаш) _oОбзор. информ. _tЭкономика машиностроения для легкой и пищевой промышленности и бытовых приборов _v1988, Вып.2 |
|
| 700 | 1 |
_aРассадин _bЮ.Н. _4070 |
|
| 801 | 1 |
_aRU _bInfoComm _c20050208 |
|
| 801 | 0 |
_aRU _bNLR _gPSBO |
|
| 852 |
_aNLR _jП22/4989 |
||
| 942 | _cISSUE | ||
| 980 | _aNB | ||
| 980 | _aRUSPER | ||